Catálogo
 En Linea

El período presidencial de 6 años del general Don Horacio Vásquez. (Registro nro. 30824)

Detalles MARC
000 -CABECERA
campo de control de longitud fija 00435nam a2200145 a 4500
001 - NÚMERO DE CONTROL
campo de control 000031332
005 - FECHA Y HORA DE LA ÚLTIMA TRANSACCIÓN
campo de control 20200930062845.0
008 - DATOS DE LONGITUD FIJA--INFORMACIÓN GENERAL
campo de control de longitud fija 110620s1928 dr 000 0 spa d
040 ## - FUENTE DE LA CATALOGACIÓN
Centro catalogador/agencia de origen DO-SdBNP
Lengua de catalogación spa
Centro/agencia transcriptor BNPHU
082 ## - NÚMERO DE LA CLASIFICACIÓN DECIMAL DEWEY
Número de clasificación xxxx
Número de documento/Ítem P445
049 ## - FONDOS LOCALES (OCLC)
Fondos de biblioteca BNPD
245 #3 - MENCIÓN DE TÍTULO
Título El período presidencial de 6 años del general Don Horacio Vásquez.
260 ## - PUBLICACIÓN, DISTRIBUCIÓN, ETC.
Lugar de publicación, distribución, etc. Snato Domingo :
Nombre del editor, distribuidor, etc. Imprenta de J. R. Vda García,
Fecha de publicación, distribución, etc. 1928.
300 ## - DESCRIPCIÓN FÍSICA
Extensión [108 p.] ;
Dimensiones 29 p.
Existencias
Estado de retiro Estado de pérdida No para préstamo Código de colección Localización permanente Ubicación/localización actual Ubicación en estantería Fecha de adquisición Número de inventario Total de préstamos Signatura topográfica completa Código de barras Fecha visto por última vez Precio válido a partir de Tipo de ítem Koha
    Excluido de préstamo Patrimonio Dominicano Patrimonio Dominicano Patrimonio Dominicano En catalogación 20.06.2011 LF1   xxxx P445 31332-10 25.06.2020 25.06.2020 Libro y Folleto Colección Patrimonio Dominicano

Con tecnología Koha